Memento práctico Francis Lefebvre. (Record no. 184866)

MARC details
000 -LEADER
campo de control de longitud fija 01335nam a2200385 i 4500
001 - NÚMERO DE CONTROL
campo de control 184866
003 - IDENTIFICADOR DE NÚMERO DE CONTROL
campo de control ES-MaACL
005 - FECHA Y HORA DE LA ÚLTIMA TRANSACCIÓN
campo de control 20240228102941.0
008 - DATOS DE LONGITUD FIJA--INFORMACIÓN GENERAL
campo de control de longitud fija 160210s2015 sp |||| | spa d
020 ## - NÚMERO INTERNACIONAL ESTÁNDAR DEL LIBRO
Número Internacional Estándar del Libro 978-84-16612-07-9
080 ## - NÚMERO DE LA CLASIFICACIÓN DECIMAL UNIVERSAL
Número de la Clasificación Decimal Universal 342.537
080 ## - NÚMERO DE LA CLASIFICACIÓN DECIMAL UNIVERSAL
Número de la Clasificación Decimal Universal 340.134
080 ## - NÚMERO DE LA CLASIFICACIÓN DECIMAL UNIVERSAL
Número de la Clasificación Decimal Universal 340.113
245 00 - MENCIÓN DEL TÍTULO
Título Memento práctico Francis Lefebvre.
Nombre de parte o sección de la obra Técnica normativa 2016-2017 /
Mención de responsabilidad, etc. [director y coordinador, Ignacio Astarloa].
246 38 - FORMA VARIANTE DEL TITULO
Título propio/Titulo breve Memento técnica normativa: 2016-2017
246 30 - FORMA VARIANTE DEL TITULO
Título propio/Titulo breve Técnica normativa 2016-2017
250 ## - MENCION DE EDICION
Mención de edición Act. a 4 de dic. de 2015.
260 ## - PUBLICACIÓN, DISTRIBUCIÓN, ETC.
Lugar de publicación, distribución, etc. Madrid :
Nombre del editor, distribuidor, etc. Francis Lefebvre,
Fecha de publicación, distribución, etc. 2015.
300 ## - DESCRIPCIÓN FÍSICA
Extensión 624, [12] p. ;
Dimensiones 24 cm.
490 1# - MENCIÓN DE SERIE
Mención de serie Mementos prácticos
500 ## - NOTA GENERAL
Nota general Anexos.
500 ## - NOTA GENERAL
Nota general Índices.
504 ## - NOTA DE BIBLIOGRAFÍA, ETC.
Nota de bibliografía, etc. Bibliografía: p. 421-435.
596 ## - NOTA AL PIE DE IMPRENTA
NOTA AL PIE DE IMPRENTA En contracub.: Lefebvre. El Derecho.
650 #4 - PUNTO DE ACCESO ADICIONAL DE MATERIA--TÉRMINO DE MATERIA
Término de materia o nombre geográfico como elemento de entrada Legislación.
9 (RLIN) 136347
650 #4 - PUNTO DE ACCESO ADICIONAL DE MATERIA--TÉRMINO DE MATERIA
Término de materia o nombre geográfico como elemento de entrada Proyectos de ley.
9 (RLIN) 159410
650 04 - PUNTO DE ACCESO ADICIONAL DE MATERIA--TÉRMINO DE MATERIA
Término de materia o nombre geográfico como elemento de entrada Derecho-
Subdivisión general Lenguaje.
9 (RLIN) 11628
700 1# - ENTRADA AGREGADA--NOMBRE PERSONAL
Nombre de persona Astarloa Huarte-Mendicoa, Ignacio.
9 (RLIN) 158723
710 2# - ENTRADA AGREGADA--NOMBRE DE ENTIDAD CORPORATIVA
Nombre de entidad corporativa o nombre de jurisdicción como elemento de entrada Ediciones Francis Lefebvre.
9 (RLIN) 158696
710 2# - ENTRADA AGREGADA--NOMBRE DE ENTIDAD CORPORATIVA
Nombre de entidad corporativa o nombre de jurisdicción como elemento de entrada El Derecho (Editorial)
9 (RLIN) 158682
830 0# - PUNTO DE ACCESO ADICIONAL DE SERIE-TÍTULO UNIFORME
Título uniforme Mementos prácticos
9 (RLIN) 192240
852 ## - LOCALIZACIÓN
Ubicación ES-MaACL
Número de control de estantería A-15286
itemnumber 191881
Sublocalización o colección R.151084
Ubicación en estantería Depósito 1
Signatura antigua Olim: L 342.537 "2016/17" mem
-- Olim: Meseton
Donativo/Legado Donación: Editorial
942 ## - ELEMENTOS DE ENTRADA SECUNDARIOS (KOHA)
Fuente del sistema de clasificación o colocación Clasificación decimal universal
Holdings
Estatus retirado Estado de pérdida Fuente del sistema de clasificación o colocación Estado de daño No para préstamo Biblioteca de origen Biblioteca actual Ubicación en estantería Fecha de adquisición Fuente de adquisición Total de préstamos Signatura topográfica completa Código de barras Visto por última vez Precio de reemplazo Tipo de ítem Koha
    Clasificación decimal universal     Biblioteca del Ateneo de Madrid Biblioteca del Ateneo de Madrid Depósito 1 10/02/2016 Donación   A-15286 1194698 23/02/2023 23/02/2023 Libro impreso